[Event "Harburg-ch Gruppe D"]
[Site "Hamburg"]
[Date "2010.08.20"]
[Round "1"]
[White "Lemke, Detlef"]
[Black "Stanau, Guido"]
[Result "0-1"]
[WhiteElo "1819"]
[BlackElo "1979"]
[PlyCount "90"]
[EventDate "2010.08.20"]
[EventType "tourn"]
[EventRounds "5"]
[EventCountry "GER"]
[SourceDate "2010.08.20"]

1. e4 c5 2. Nf3 d6 3. d4 cxd4 4. Nxd4 Nf6 5. Nc3 g6 6. f3 Bg7 7. Be3 O-O 8. Qd2
Nc6 9. O-O-O d5 10. Bh6 (10. Kb1) (10. exd5 Nxd5 11. Nxc6 bxc6 12. Bd4) (10.
Qe1) 10... Bxh6 (10... dxe4 11. Bxg7 Kxg7 12. Nxc6 Qxd2+ 13. Rxd2 bxc6 14. Nxe4
Nxe4 15. fxe4 Be6) 11. Qxh6 Nxd4 12. Rxd4 e5 13. Rd1 d4 14. Bc4 b5 15. Bb3 a5
16. h4 a4 17. Bd5 Nxd5 18. Nxd5 Be6 19. h5 Ra7 20. hxg6 fxg6 21. Nb4 Qd6 (21...
a3 22. Nc6 axb2+ 23. Kb1 Qc7 24. Nxa7 Qxa7 25. Kxb2 Qxa2+ 26. Kc1 Qa3+ 27. Kd2
Qc3+ 28. Ke2 Qxc2+ 29. Rd2 Qc7) 22. a3 Rc8 23. Kb1 Rc4 24. Qg5 Rcc7 25. Nd3 b4
26. Nxb4 Rab7 27. Nd3 Rb5 28. Rh6 Bc4 29. Nb4 Rd7 30. Qd2 Bf7 31. Rdh1 Qc5 32.
Kc1 Be6 33. Nd3 (33. Qg5) 33... Qc4 34. Qg5 Qc8 35. Qf6 (35. Qh4) 35... Rg7 36.
Nxe5 Rxe5 37. Qxe5 Bb3 38. c3 dxc3 39. Qxc3 (39. bxc3) 39... Rc7 40. Rxg6+ Kf8
41. Rf6+ Ke8 42. Rxh7 Rxc3+ 43. bxc3 Qxc3+ 44. Kb1 Qc2+ 45. Ka1 Qa2# 0-1

[Event "Harburg-ch Gruppe D"]
[Site "Hamburg"]
[Date "2010.08.20"]
[Round "1"]
[White "Schausten, Peter"]
[Black "Struckhof, Ralf"]
[Result "1/2-1/2"]
[WhiteElo "2005"]
[BlackElo "1851"]
[PlyCount "47"]
[EventDate "2010.08.20"]
[EventType "tourn"]
[EventRounds "5"]
[EventCountry "GER"]
[SourceDate "2010.08.20"]

1. d4 e6 2. e4 d5 3. Nc3 Nc6 4. e5 f6 5. Nf3 Bb4 6. Bd2 fxe5 7. dxe5 Nge7 8.
Bd3 Nf5 9. Qe2 O-O 10. h4 Be7 11. a3 Qe8 12. Nb5 Bd8 13. c3 Qh5 14. Nbd4 Ncxd4
15. cxd4 Qg4 16. Be3 Nxe3 17. fxe3 Be7 (17... Qg3+ 18. Kd2 h6) 18. O-O-O (18.
Bxh7+) 18... c5 19. Bxh7+ Kh8 20. Bc2 c4 21. e4 Bd7 22. exd5 exd5 23. Qd2 Rac8
(23... c3) 24. Nh2 (24. Nh2 c3 25. bxc3 Qe6) 1/2-1/2

[Event "Harburg-ch Gruppe D"]
[Site "Hamburg"]
[Date "2010.08.21"]
[Round "2"]
[White "Lehmkuhl, Stefan"]
[Black "Struckhof, Ralf"]
[Result "1/2-1/2"]
[WhiteElo "1898"]
[BlackElo "1851"]
[PlyCount "53"]
[EventDate "2010.08.20"]
[EventType "tourn"]
[EventRounds "5"]
[EventCountry "GER"]
[SourceDate "2010.08.20"]

1. d4 e6 2. c4 f5 3. Nc3 Nf6 4. Qc2 Be7 5. Nh3 O-O 6. a3 a5 7. e3 d5 8. Bd3 Ne4
9. O-O c6 10. f3 Nxc3 11. bxc3 Qe8 12. Bd2 Nd7 13. cxd5 cxd5 14. Rfb1 Nf6 15.
Rb6 Bd8 16. Rb5 b6 17. Rb2 Ba6 18. Nf4 Bxd3 19. Nxd3 Bc7 20. Rab1 Qe7 21. a4
Qd6 22. Ne5 Nd7 23. f4 Nxe5 24. fxe5 Qc6 25. Qb3 Rfc8 26. Qb5 Bd8 27. Kf2
1/2-1/2

[Event "Harburg-ch Gruppe D"]
[Site "Hamburg"]
[Date "2010.08.21"]
[Round "2"]
[White "Stanau, Guido"]
[Black "Schausten, Peter"]
[Result "1-0"]
[WhiteElo "1979"]
[BlackElo "2005"]
[PlyCount "131"]
[EventDate "2010.08.20"]
[EventType "tourn"]
[EventRounds "5"]
[EventCountry "GER"]
[SourceDate "2010.08.20"]

1. e4 e6 2. d4 d5 3. Nc3 Nc6 4. e5 f6 5. Nf3 Qe7 6. Bb5 Bd7 7. Bxc6 Bxc6 8. O-O
Qf7 9. a3 Ne7 10. Re1 O-O-O 11. b4 b6 12. Qe2 f5 13. Ng5 Qg6 14. a4 h6 15. Nh3
Qf7 16. a5 g5 17. Nb5 Kb8 18. Nxa7 Kxa7 19. axb6+ Kb8 20. bxc7+ Kxc7 21. Ra7+
Bb7 22. Qa6 Rb8 23. Qd6+ Kc8 24. Re3 Nc6 25. Qxc6+ Bxc6 26. Rxf7 Bxb4 27. f4 g4
28. Nf2 Rb7 29. Rxb7 Bxb7 30. Rb3 Ba5 31. Nd3 Re8 32. Rb5 Bd8 33. Bd2 Bc6 34.
Rb2 Be7 35. Rb6 Bd7 36. Rb3 Bd8 37. Nc5 Bc6 38. Na6 Bc7 39. Be1 Bb7 40. Nc5 Bc6
41. h3 h5 42. hxg4 hxg4 43. Ra3 Bb6 44. Ra6 Kc7 45. Ba5 Bxa5 46. Rxa5 Re7 47.
Ra7+ Kd8 48. Rxe7 Kxe7 49. Kf2 Bb5 50. Ke3 Bf1 51. g3 Bc4 52. Kd2 Bb5 53. Kc3
Bc4 54. Kb4 Bf1 55. Ka5 Be2 56. Kb6 Bd1 57. c3 Be2 58. Kc7 Bb5 59. Nb7 Ba4 60.
Nd6 Bb3 61. Nc8+ Kf7 62. Kd6 Bc4 63. Nb6 Bb3 64. Na8 Ba4 65. Nc7 Bd7 66. Kxd7
1-0

[Event "Harburg-ch Gruppe D"]
[Site "Hamburg"]
[Date "2010.08.21"]
[Round "2"]
[White "Willner, Thomas"]
[Black "Lemke, Detlef"]
[Result "1-0"]
[WhiteElo "1866"]
[BlackElo "1819"]
[PlyCount "63"]
[EventDate "2010.08.20"]
[EventType "tourn"]
[EventRounds "5"]
[EventCountry "GER"]
[SourceDate "2010.08.20"]

1. e4 c5 2. Nf3 d6 3. d4 cxd4 4. Nxd4 Nf6 5. Nc3 g6 6. Be3 Bg7 7. f3 O-O 8. Qd2
Nc6 9. g4 Nd7 10. h4 Nde5 11. Be2 Nxd4 12. Bxd4 Be6 13. Nd5 Qd7 14. b3 Rac8 15.
c3 Rfe8 16. Kf2 f5 17. gxf5 Bxd5 18. exd5 Qxf5 19. Rag1 Rf8 20. Rg3 Qf4 (20...
Ng4+ 21. Ke1 Qb1+ 22. Qd1 Qxd1+ 23. Bxd1 Bxd4 24. cxd4 Ne3) 21. Qxf4 Rxf4 22.
Kg2 (22. h5) 22... Nf7 23. Bxg7 (23. Be3 Rf6 24. h5 g5 25. c4) 23... Kxg7 24.
c4 Ne5 25. Kf2 Rcf8 (25... h6) 26. Ke3 Nd7 27. h5 Ne5 28. hxg6 hxg6 29. Rgh3
R4f6 30. Rh7+ Kg8 31. f4 Rxf4 32. Rh8+ 1-0

[Event "Harburg-ch Gruppe D"]
[Site "Hamburg"]
[Date "2010.08.21"]
[Round "3"]
[White "Lemke, Detlef"]
[Black "Lehmkuhl, Stefan"]
[Result "1/2-1/2"]
[WhiteElo "1819"]
[BlackElo "1898"]
[PlyCount "77"]
[EventDate "2010.08.20"]
[EventType "tourn"]
[EventRounds "5"]
[EventCountry "GER"]
[SourceDate "2010.08.20"]

1. e4 g6 2. d4 Bg7 3. Be3 d6 4. Nc3 a6 5. Nf3 Nc6 6. Be2 e5 7. Qd2 exd4 8. Nxd4
Nxd4 9. Bxd4 Bxd4 10. Qxd4 Qf6 11. Qc4 c6 12. O-O Qe6 13. Qb4 a5 14. Qd4 Nf6
15. Rad1 O-O 16. Qxd6 Re8 17. f3 a4 18. b3 axb3 19. axb3 b5 20. Qxe6 Bxe6 21.
Rd6 Rec8 22. Rdd1 Kf8 23. Ra1 Ke7 24. Na2 Kd6 25. Nb4 Kc5 26. Nd3+ Kb6 27. Rfd1
g5 28. Ne5 Kc5 29. Nd3+ Kb6 30. Ne5 Kc5 31. Kf2 h5 32. Ke3 Rg8 33. Nd3+ Kb6 34.
b4 Nd7 35. f4 Rxa1 36. Rxa1 Bc4 37. Bf3 h4 38. h3 Bxd3 39. cxd3 1/2-1/2

[Event "Harburg-ch Gruppe D"]
[Site "Hamburg"]
[Date "2010.08.21"]
[Round "3"]
[White "Schausten, Peter"]
[Black "Willner, Thomas"]
[Result "1-0"]
[WhiteElo "2005"]
[BlackElo "1866"]
[PlyCount "105"]
[EventDate "2010.08.20"]
[EventType "tourn"]
[EventRounds "5"]
[EventCountry "GER"]
[SourceDate "2010.08.20"]

1. d4 d5 2. Nf3 a6 3. Bf4 Bf5 4. e3 e6 5. c4 Bb4+ 6. Nc3 Nf6 7. Qa4+ Nc6 8. Ne5
Bxc3+ 9. bxc3 O-O 10. Nxc6 bxc6 11. Qxc6 Ne8 (11... Qb8 12. cxd5 Qb2 13. Rd1
Nxd5) 12. Be2 Rb8 13. Qxa6 Rb6 14. Qa3 Qb8 15. O-O Rb2 16. Bd1 dxc4 17. f3 Bd3
18. Rf2 (18. Re1) 18... Rb1 19. Rxb1 Qxb1 20. Rd2 Nd6 (20... Bc2) 21. Qb2 Rb8
22. Qxb1 Rxb1 23. Bxd6 cxd6 24. Kf2 Rc1 25. a4 Rxc3 26. Ra2 Rc1 27. Be2 (27. a5
) 27... Bxe2 28. Kxe2 Rb1 29. a5 Kf8 30. a6 Rb8 31. Kd2 Ke7 32. Kc3 Kd7 (32...
d5) 33. a7 Ra8 34. Kxc4 Kc7 35. Ra6 d5+ 36. Kb5 h6 37. Rc6+ Kb7 38. Rb6+ Kxa7
39. Ra6+ Kb7 40. Rxa8 Kxa8 41. Kc6 Ka7 42. Kd7 Kb6 43. Ke7 Kb5 44. Kxf7 Kc4 45.
Kxe6 Kd3 46. Kxd5 Kxe3 47. Ke5 Kf2 48. d5 Kxg2 49. d6 Kxf3 50. Kf5 g5 51. d7
Kg2 52. d8=Q Kxh2 53. Qh8 1-0

[Event "Harburg-ch Gruppe D"]
[Site "Hamburg"]
[Date "2010.08.21"]
[Round "3"]
[White "Struckhof, Ralf"]
[Black "Stanau, Guido"]
[Result "1-0"]
[WhiteElo "1851"]
[BlackElo "1979"]
[PlyCount "59"]
[EventDate "2010.08.20"]
[EventType "tourn"]
[EventRounds "5"]
[EventCountry "GER"]
[SourceDate "2010.08.20"]

1. f4 Nf6 2. Nf3 e6 3. g3 d5 4. Bg2 c5 5. O-O Nc6 6. d3 Be7 7. c3 O-O 8. Qc2 b5
9. e4 c4 10. e5 Nd7 11. d4 b4 12. Bh3 Qb6 13. Kh1 Na5 14. cxb4 Nc6 15. Qd1 Nxb4
16. Nc3 Nb8 17. Rb1 Bd7 18. Be3 a5 19. Ne1 Bb5 20. f5 f6 21. fxe6 fxe5 22.
Rxf8+ Bxf8 23. Nxb5 Qxb5 24. Qh5 g6 25. Qxe5 Bg7 26. Qc7 N8c6 27. Qf7+ Kh8 28.
e7 Nxd4 29. Bxd4 Rg8 30. Be6 1-0

[Event "Harburg-ch Gruppe D"]
[Site "Hamburg"]
[Date "2010.08.22"]
[Round "4"]
[White "Lehmkuhl, Stefan"]
[Black "Stanau, Guido"]
[Result "0-1"]
[WhiteElo "1898"]
[BlackElo "1979"]
[PlyCount "86"]
[EventDate "2010.08.20"]
[EventType "tourn"]
[EventRounds "5"]
[EventCountry "GER"]
[SourceDate "2010.08.20"]

1. c4 Nf6 2. e3 g6 3. b3 Bg7 4. Bb2 O-O 5. Na3 d6 6. Bd3 e5 7. Rc1 Na6 8. Bb1
Nh5 9. d4 Qg5 10. g3 exd4 11. exd4 Re8+ 12. Kf1 c5 13. h4 Qe7 14. Qd2 Qf6 15.
Qg5 Be6 16. Qxf6 Bxf6 17. Nb5 d5 18. Rh2 dxc4 19. bxc4 Red8 20. Ne2 Rd7 21. Rc2
Nb4 22. d5 Nxc2 23. Bxf6 Nxf6 24. Bxc2 Bg4 25. Ng1 a6 26. Nc3 Rd6 27. f3 Bd7
28. Ne4 Nxe4 29. fxe4 f6 30. Nf3 Re8 31. Nd2 b5 32. h5 bxc4 33. hxg6 hxg6 34.
a4 Rb6 35. Nxc4 Rb4 36. Nd6 Re5 37. Rf2 Kg7 38. a5 c4 39. Kg2 c3 40. Kf3 Kf8
41. Bd3 Ba4 42. Nc4 Rg5 43. g4 Bb5 0-1

[Event "Harburg-ch Gruppe D"]
[Site "Hamburg"]
[Date "2010.08.22"]
[Round "4"]
[White "Willner, Thomas"]
[Black "Struckhof, Ralf"]
[Result "1/2-1/2"]
[WhiteElo "1866"]
[BlackElo "1851"]
[PlyCount "28"]
[EventDate "2010.08.20"]
[EventType "tourn"]
[EventRounds "5"]
[EventCountry "GER"]
[SourceDate "2010.08.20"]

1. e4 e6 2. d4 d5 3. Nd2 Nc6 4. c3 e5 5. exd5 Qxd5 6. Qe2 (6. Ngf3 exd4 7. Bc4)
6... Be6 7. dxe5 Qxe5 8. Ngf3 Qxe2+ 9. Bxe2 f6 10. O-O O-O-O 11. Re1 Nh6 12.
Bb5 Bd7 13. Nb3 Nf5 14. Be3 a6 1/2-1/2

[Event "Harburg-ch Gruppe D"]
[Site "Hamburg"]
[Date "2010.08.22"]
[Round "4"]
[White "Lemke, Detlef"]
[Black "Schausten, Peter"]
[Result "0-1"]
[WhiteElo "1819"]
[BlackElo "2005"]
[PlyCount "66"]
[EventDate "2010.08.20"]
[EventType "tourn"]
[EventRounds "5"]
[EventCountry "GER"]
[SourceDate "2010.08.20"]

1. e4 e6 2. d4 d5 3. e5 c5 4. c3 Nc6 5. Nf3 Nh6 6. Bd3 f6 7. O-O Bd7 8. a3 Nf7
9. Re1 fxe5 10. Nxe5 Ncxe5 11. dxe5 Qc7 12. Bf4 g6 13. Nd2 Bg7 14. Nf3 O-O 15.
Re3 Rae8 16. Qe2 Nh6 17. Bxh6 Bxh6 18. Nh4 Bxe3 19. Qxe3 Bc6 20. Re1 b6 21. Qh3
Qf7 22. Rf1 Qg7 23. f4 g5 24. f5 gxh4 25. f6 Qg5 26. Bxh7+ Kxh7 27. g3 Kg8 28.
Rf4 Kf7 29. Rg4 Qe3+ 30. Kf1 Bb5+ 31. Kg2 Qe2+ 32. Kh1 Qe1+ 33. Kg2 Qf1# 0-1

[Event "Harburg-ch Gruppe D"]
[Site "Hamburg"]
[Date "2010.08.22"]
[Round "5"]
[White "Struckhof, Ralf"]
[Black "Lemke, Detlef"]
[Result "1/2-1/2"]
[WhiteElo "1851"]
[BlackElo "1819"]
[PlyCount "22"]
[EventDate "2010.08.20"]
[EventType "tourn"]
[EventRounds "5"]
[EventCountry "GER"]
[SourceDate "2010.08.20"]

1. f4 d5 2. Nf3 Nf6 3. g3 Nc6 4. Bg2 Bf5 5. d3 Qd7 6. O-O Bh3 7. d4 Bxg2 8.
Kxg2 Qf5 9. e3 h6 10. Qd3 Ne4 11. Ne5 Qf6 1/2-1/2

[Event "Harburg-ch Gruppe D"]
[Site "Hamburg"]
[Date "2010.08.22"]
[Round "5"]
[White "Stanau, Guido"]
[Black "Willner, Thomas"]
[Result "1/2-1/2"]
[WhiteElo "1979"]
[BlackElo "1866"]
[PlyCount "78"]
[EventDate "2010.08.20"]
[EventType "tourn"]
[EventRounds "5"]
[EventCountry "GER"]
[SourceDate "2010.08.20"]

1. e4 e5 2. Nf3 Nc6 3. d4 exd4 4. Nxd4 Nf6 5. Nxc6 bxc6 6. e5 Nd5 7. c4 Bb4+ 8.
Bd2 Bxd2+ 9. Qxd2 Nb6 10. Bd3 Qe7 11. O-O Bb7 12. Re1 c5 13. Nc3 a6 14. b3 O-O
15. Rad1 Rfe8 16. f4 f6 17. Bb1 fxe5 18. Rxe5 Qf8 19. Rde1 Rxe5 20. Rxe5 Re8
21. Qd3 g6 22. Qe3 Rxe5 23. Qxe5 d6 24. Qe6+ Qf7 25. Qxf7+ Kxf7 26. Ne4 Bxe4
27. Bxe4 a5 28. Kf2 Nc8 29. Ke3 Ne7 30. g4 Ke6 31. h4 c6 32. Kf3 d5 33. Bd3 Kf6
34. Kg3 h6 35. g5+ hxg5 36. hxg5+ Kf7 37. Kf3 Ke6 38. Kg4 Kf7 39. Kf3 Ke6
1/2-1/2

[Event "Harburg-ch Gruppe E"]
[Site "Hamburg"]
[Date "2010.08.20"]
[Round "1"]
[White "Kolschewski, Tobias"]
[Black "Krause, Benedict"]
[Result "1/2-1/2"]
[WhiteElo "1682"]
[BlackElo "1637"]
[PlyCount "85"]
[EventDate "2010.08.20"]
[EventType "tourn"]
[EventRounds "5"]
[EventCountry "GER"]
[SourceDate "2010.08.20"]

1. c4 e5 2. g3 Nc6 3. Bg2 d6 4. Nc3 g6 5. e4 Bg7 6. Nge2 h5 7. h3 Be6 8. d3 Qd7
9. f4 Nge7 10. Nd5 O-O-O 11. Rb1 exf4 12. Nexf4 Rde8 13. O-O Rhf8 14. b4 Bd4+
15. Kh2 Bxd5 16. cxd5 Ne5 17. Bb2 (17. Ne2 Bb6 18. d4 Nc4 19. Qc2) 17... Bxb2
18. Rxb2 Qb5 19. d4 Nc4 20. Qe2 Na3 21. Qxb5 Nxb5 22. a4 Nxd4 23. Rd2 c5 24.
dxc6 Ndxc6 25. b5 Ne5 26. Rxd6 Rd8 27. Rxd8+ Rxd8 28. Nd5 Nxd5 29. exd5 Rd7 30.
a5 Kd8 31. Rd1 Nc4 32. a6 bxa6 33. bxa6 Ne3 34. Rd3 Nxg2 35. Kxg2 Rd6 36. Rf3
f5 37. g4 hxg4 38. hxg4 Rxd5 39. gxf5 gxf5 40. Rb3 Ke7 41. Rb7+ Rd7 42. Rxd7+
Kxd7 43. Kf3 1/2-1/2

[Event "Harburg-ch Gruppe E"]
[Site "Hamburg"]
[Date "2010.08.20"]
[Round "1"]
[White "Schuette, Ulrich"]
[Black "Klausch, Uwe"]
[Result "1/2-1/2"]
[WhiteElo "1854"]
[BlackElo "1780"]
[PlyCount "179"]
[EventDate "2010.08.20"]
[EventType "tourn"]
[EventRounds "5"]
[EventCountry "GER"]
[SourceDate "2010.08.20"]

1. d4 Nf6 2. c4 g6 3. Nf3 Bg7 4. g3 O-O 5. Bg2 d6 6. Nc3 Nc6 7. O-O a6 8. Rb1
Bf5 9. Ra1 Rb8 10. Nh4 Bd7 11. b3 b5 12. cxb5 axb5 13. Bb2 e6 14. e3 Re8 15.
Qe2 Ne7 16. Ne4 Ned5 17. Rfc1 Nxe4 18. Bxe4 g5 19. Ng2 (19. Nf5 Nf4 20. Nh6+
Bxh6 21. exf4 f5 22. fxg5 Bxg5 23. f4) 19... f5 20. Bb1 b4 21. e4 Nc3 22. Bxc3
bxc3 23. e5 dxe5 24. dxe5 Bc6 (24... Bb5 25. Qe3 Qd2) 25. Rd1 Qe7 26. f4 gxf4
27. Nxf4 Qc5+ 28. Qf2 Qxf2+ 29. Kxf2 Bxe5 30. Bc2 Rbd8 31. Rac1 Rd4 (31... Rd2+
) 32. Ne2 Rd7 (32... Rd6) 33. Rxd7 Bxd7 34. Bd3 Ra8 35. Bb1 Bc6 36. Nxc3 Bd4+
37. Ke2 Bb6 38. a4 Rd8 39. Bd3 Ba5 40. Bc4 Re8 41. Nd1 Kf7 42. Ne3 Kf6 43. Bd3
Bd5 44. Nc4 Bb4 45. Rf1 Rg8 46. Kd1 Rg4 47. Kc2 Rd4 48. Rd1 Bf3 49. Be2 Rxc4+
50. Bxc4 Bxd1+ 51. Kxd1 e5 52. Ke2 Kg5 53. Bd3 h6 54. Kf2 Kf6 55. Be2 Ke6 56.
Ke3 Kd6 57. Bd3 Ke6 58. Bb5 Kd6 59. Be8 Ke7 60. Bg6 Kf6 61. Bh7 Ke6 62. Kd3 c5
63. Kc4 e4 64. g4 fxg4 65. Bxe4 h5 66. Kb5 h4 67. a5 Bxa5 68. Kxa5 Ke5 69. Bc6
Kd4 70. Kb5 Kc3 71. Bd5 Kd4 72. Kc6 g3 73. h3 Kc3 74. Kxc5 g2 75. Bxg2 Kxb3 76.
Kd5 Kb4 77. Bf1 Ka5 78. Kc6 Kb4 79. Kd6 Kc3 80. Ke5 Kb4 81. Kf4 Kc5 82. Kg5 Kd6
83. Kf6 Kc6 84. Kg7 Kd7 85. Kf7 Kd8 86. Bd3 Kd7 87. Be4 Kd6 88. Bf5 Ke5 89. Kg6
Kd6 90. Kg5 1/2-1/2

[Event "Harburg-ch Gruppe E"]
[Site "Hamburg"]
[Date "2010.08.20"]
[Round "1"]
[White "Lochmann, Viktor"]
[Black "Moeller, Dustin"]
[Result "1/2-1/2"]
[WhiteElo "1879"]
[BlackElo "1842"]
[PlyCount "50"]
[EventDate "2010.08.20"]
[EventType "tourn"]
[EventRounds "5"]
[EventCountry "GER"]
[SourceDate "2010.08.20"]

1. Nf3 Nf6 2. b3 e6 3. Bb2 Be7 4. g3 O-O 5. Bg2 d5 6. e3 Nbd7 7. O-O b6 8. d3
Bb7 9. Nbd2 c5 10. Ne5 Nxe5 11. Bxe5 Nd7 12. f4 Nxe5 13. fxe5 f6 14. Nf3 fxe5
15. Nxe5 Rxf1+ 16. Qxf1 Bf6 17. d4 Bxe5 18. dxe5 Qc7 19. Qd3 Qxe5 20. Rd1 Rf8
21. Qe2 Ba8 22. Qd2 a6 23. c3 b5 24. Re1 Qg5 25. Qe2 Qe5 1/2-1/2

[Event "Harburg-ch Gruppe E"]
[Site "Hamburg"]
[Date "2010.08.21"]
[Round "2"]
[White "Krause, Benedict"]
[Black "Moeller, Dustin"]
[Result "1-0"]
[WhiteElo "1637"]
[BlackElo "1842"]
[PlyCount "51"]
[EventDate "2010.08.20"]
[EventType "tourn"]
[EventRounds "5"]
[EventCountry "GER"]
[SourceDate "2010.08.20"]

1. e4 c5 2. Nc3 Nc6 3. g3 g6 4. Bg2 Bg7 5. d3 e6 6. f4 d6 7. Nf3 Nge7 8. O-O
O-O 9. Be3 f5 (9... Nd4) 10. e5 Nd5 11. Nxd5 exd5 12. d4 cxd4 13. Bxd4 dxe5 14.
Nxe5 Be6 15. Re1 Nxd4 16. Qxd4 a5 17. Rad1 Rc8 18. c3 Kh8 19. Bxd5 Bxd5 20.
Qxd5 Qb6+ 21. Kh1 Bxe5 22. Qxe5+ Kg8 23. Qd5+ Kh8 24. Re7 Qc6 25. Qxc6 bxc6 26.
Rdd7 1-0

[Event "Harburg-ch Gruppe E"]
[Site "Hamburg"]
[Date "2010.08.21"]
[Round "2"]
[White "Klausch, Uwe"]
[Black "Lochmann, Viktor"]
[Result "0-1"]
[WhiteElo "1780"]
[BlackElo "1879"]
[PlyCount "118"]
[EventDate "2010.08.20"]
[EventType "tourn"]
[EventRounds "5"]
[EventCountry "GER"]
[SourceDate "2010.08.20"]

1. e4 c5 2. Nf3 Nc6 3. d4 cxd4 4. Nxd4 e6 5. Nc3 a6 6. Nxc6 bxc6 7. Bd3 d5 8.
exd5 cxd5 9. O-O Bd6 10. Re1 Qc7 11. g3 Bb7 12. Bf1 Ne7 13. Bg2 O-O 14. Ne2 Nf5
15. c3 Bc5 16. Nd4 Nxd4 17. cxd4 Bb4 18. Re2 Rac8 19. Be3 Qb6 20. Rc1 Rxc1 21.
Qxc1 Rc8 22. Rc2 Rxc2 23. Qxc2 Qc6 24. Qxc6 Bxc6 25. Bf1 a5 26. Bd3 g6 27. Kf1
f6 28. f4 Bd6 29. b3 Bb4 30. Ke2 Kf7 31. Bd2 Ke7 32. a3 Bxd2 33. Kxd2 Kd6 34.
h4 e5 35. fxe5+ fxe5 36. dxe5+ Kxe5 37. h5 Be8 38. hxg6 hxg6 39. b4 axb4 40.
axb4 Kd4 41. Ke2 g5 42. Kd2 Ba4 43. Be2 Bb3 44. b5 Kc5 45. Kc3 Ba4 46. b6 d4+
47. Kd2 (47. Kd3 Bb5+ 48. Ke4) 47... Bc6 48. Bg4 Kxb6 49. Kd3 Kc5 50. Be6 Kd6
51. Bg4 Ke5 52. Ke2 Bb5+ 53. Kd2 Ke4 54. Bd1 Bf1 55. Ke1 Bh3 56. Kf2 Kd3 57.
Ke1 Ke3 58. Be2 d3 59. Bd1 d2# 0-1

[Event "Harburg-ch Gruppe E"]
[Site "Hamburg"]
[Date "2010.08.21"]
[Round "2"]
[White "Kolschewski, Tobias"]
[Black "Schuette, Ulrich"]
[Result "0-1"]
[WhiteElo "1682"]
[BlackElo "1854"]
[PlyCount "106"]
[EventDate "2010.08.20"]
[EventType "tourn"]
[EventRounds "5"]
[EventCountry "GER"]
[SourceDate "2010.08.20"]

1. c4 c6 2. g3 d5 3. Bg2 dxc4 4. Qc2 Nf6 5. Qxc4 e5 6. Nc3 Be6 7. Qa4 Nbd7 8.
d3 Nb6 9. Qc2 Nbd5 10. Nf3 Nb4 11. Qb1 Qc7 12. O-O h6 13. a3 Nbd5 14. Bd2 Be7
15. Qc2 Nd7 16. Nxd5 Bxd5 17. e4 Be6 18. d4 Bg4 19. Nxe5 Nxe5 20. dxe5 Qxe5 21.
Bc3 Qg5 22. Qb3 Rb8 23. e5 (23. Bd4) 23... O-O 24. h3 Be6 25. Qc2 Bf5 26. Qa4
Bc5 27. Kh2 Qg6 28. Qc4 Bb6 29. Qf4 Rfd8 30. Rfe1 Qe6 31. g4 Bc2 32. Bf1 Bb3
33. Rac1 Rd7 34. f3 Rbd8 35. Bb4 Rd4 36. Qf5 Qxf5 37. gxf5 Rf4 38. Rc3 Bd5 39.
Kg3 Rxf5 40. f4 g5 41. Rd1 Rxf4 42. Bd6 Bf2+ 43. Kh2 Rf3 44. Rxf3 Bxf3 45. Rc1
Bd5 46. b4 Re8 47. b5 Bd4 48. bxc6 bxc6 49. Rb1 Bxe5+ 50. Bxe5 Rxe5 51. Rb8+
Kg7 52. Rb7 Re1 53. Ba6 Ra1 0-1

[Event "Harburg-ch Gruppe E"]
[Site "Hamburg"]
[Date "2010.08.21"]
[Round "3"]
[White "Schuette, Ulrich"]
[Black "Krause, Benedict"]
[Result "1-0"]
[WhiteElo "1854"]
[BlackElo "1637"]
[PlyCount "81"]
[EventDate "2010.08.20"]
[EventType "tourn"]
[EventRounds "5"]
[EventCountry "GER"]
[SourceDate "2010.08.20"]

1. d4 d5 2. c4 Nf6 3. cxd5 Nxd5 4. e4 (4. Nf3) 4... Nb6 (4... Nf6 5. Nc3 e5) 5.
Be3 g6 6. Nc3 Bg7 7. Be2 O-O 8. h3 N8d7 9. Nf3 Nf6 10. O-O c6 11. Qc2 Bd7 12.
Rfd1 Rc8 13. Rac1 Qc7 14. Qd2 Be6 15. b3 Rfd8 16. Bf4 Qd7 17. Ne5 Qe8 18. Qe3
Nfd7 19. Nc4 (19. Nf3) 19... Bxc4 20. bxc4 e5 21. dxe5 Nxe5 22. c5 Nbc4 23. Qg3
Rxd1+ (23... b5) 24. Bxd1 Rd8 25. Bb3 Nb2 (25... Nd2) 26. Bg5 Rd3 27. Qh4 Rd7
28. f4 Ned3 29. Rc2 Nxc5 30. e5 Nxb3 31. axb3 Nd1 32. Ne4 Ne3 33. Ra2 Nf5 (
33... Rd1+ 34. Kf2 Nf5 35. Qg4 Qd7) 34. Qf2 b6 35. g4 Nd4 (35... Rd1+ 36. Kh2
Nd4) 36. Nd6 Rxd6 37. exd6 Nxb3 38. Qe2 Qc8 39. Qe7 Nc5 40. Rxa7 Nd7 41. Qxd7
1-0

[Event "Harburg-ch Gruppe E"]
[Site "Hamburg"]
[Date "2010.08.21"]
[Round "3"]
[White "Lochmann, Viktor"]
[Black "Kolschewski, Tobias"]
[Result "1/2-1/2"]
[WhiteElo "1879"]
[BlackElo "1682"]
[PlyCount "143"]
[EventDate "2010.08.20"]
[EventType "tourn"]
[EventRounds "5"]
[EventCountry "GER"]
[SourceDate "2010.08.20"]

1. e4 c5 2. Nf3 d6 3. d4 cxd4 4. Nxd4 Nf6 5. Nc3 g6 6. Bc4 Bg7 7. O-O Nc6 8.
Be3 O-O 9. f3 Bd7 10. Qd2 a6 11. Nb3 Rb8 12. Rab1 Ne5 13. Be2 Be6 14. Nd5 Nxd5
15. exd5 Bd7 16. h3 b5 17. Na5 Qc7 18. Bd4 Rfc8 19. f4 Qxc2 20. Qxc2 Rxc2 21.
Bd1 Nf3+ 22. Bxf3 Bxd4+ 23. Kh1 Rxb2 24. Rxb2 Bxb2 25. Rb1 Bd4 26. a4 Rc8 27.
Nc6 Bxc6 28. dxc6 e6 29. axb5 axb5 30. Rb4 Be3 31. g3 d5 32. Rxb5 Rxc6 33. Rb1
h6 34. Rd1 g5 35. f5 Rc1 36. Rxc1 Bxc1 37. g4 d4 (37... Kg7 38. Kg2 Kf6 39. Kf2
Ke5 40. Ke2 Kd6 41. Kd1 Bf4 42. Ke2 e5) 38. Be4 exf5 39. Bxf5 Kg7 40. Kg2 Kf6
41. Kf3 Ke5 42. Bd3 f6 43. Bc4 Bf4 44. Bd3 Kd5 45. Ke2 Kc5 46. Kd1 Be3 47. Ke2
Kb4 48. Kf3 Kc3 49. Ke4 Bf4 50. Be2 Be5 51. Bf1 Kd2 52. Bc4 Ke1 53. Kf3 Kd1 54.
Ke4 Kd2 55. Bf1 (55. Bb5) 55... Ke1 56. Bc4 Kf2 57. Bb3 Kg3 58. Bd1 Kxh3 59.
Be2 Kg3 60. Bd1 d3 61. Ke3 d2 62. Kxd2 Kf4 63. Ke1 f5 64. gxf5 Kxf5 65. Kf2 g4
66. Bc2+ (66. Bxg4+) 66... Kf4 67. Bg6 Kg5 68. Be8 h5 69. Bd7 Kf4 70. Kg2 Bf6
71. Bc8 h4 72. Bxg4 1/2-1/2

[Event "Harburg-ch Gruppe E"]
[Site "Hamburg"]
[Date "2010.08.21"]
[Round "3"]
[White "Moeller, Dustin"]
[Black "Klausch, Uwe"]
[Result "1-0"]
[WhiteElo "1842"]
[BlackElo "1780"]
[PlyCount "65"]
[EventDate "2010.08.20"]
[EventType "tourn"]
[EventRounds "5"]
[EventCountry "GER"]
[SourceDate "2010.08.20"]

1. c4 Nf6 2. g3 g6 3. Bg2 Bg7 4. Nc3 O-O 5. e4 d6 6. Nge2 Nc6 7. O-O a6 8. a4
Rb8 9. d3 a5 10. f4 e5 11. f5 Nb4 12. h3 b6 13. g4 Nd7 14. Nd5 c6 15. Nxb4 axb4
16. Bd2 c5 17. g5 f6 18. h4 Rf7 19. Ng3 Nf8 20. Qc1 Ra8 21. h5 Bd7 22. fxg6
hxg6 23. b3 Bg4 24. Bf3 Bxf3 25. Rxf3 Raa7 26. hxg6 Nxg6 27. Nf5 Ne7 28. Nxg7
Kxg7 29. gxf6+ Rxf6 30. Rxf6 Kxf6 31. Qf1+ Kg7 32. Bg5 Qf8 33. Bh6+ 1-0

[Event "Harburg-ch Gruppe E"]
[Site "Hamburg"]
[Date "2010.08.22"]
[Round "4"]
[White "Krause, Benedict"]
[Black "Klausch, Uwe"]
[Result "1/2-1/2"]
[WhiteElo "1637"]
[BlackElo "1780"]
[PlyCount "87"]
[EventDate "2010.08.20"]
[EventType "tourn"]
[EventRounds "5"]
[EventCountry "GER"]
[SourceDate "2010.08.20"]

1. e4 e5 2. Nf3 Nc6 3. d4 exd4 4. Nxd4 Bc5 5. Be3 Qf6 6. c3 Nge7 7. Bc4 O-O 8.
O-O Bb6 9. Na3 Qg6 10. Re1 d6 11. Kh1 Bg4 12. f3 Bd7 13. Nac2 Rae8 14. Nxc6
Nxc6 15. Bxb6 axb6 16. Ne3 Ne7 17. Bd5 Bc6 18. Qd3 Kh8 19. Rad1 Qh6 20. Re2 Qg5
21. Bxc6 bxc6 22. Nc2 Ng6 23. Qe3 Qf6 24. Qd2 Nf4 25. Re3 c5 26. g3 Nh5 27. Qe2
Qh6 28. Rg1 Re7 29. e5 Rfe8 30. exd6 Rxe3 31. Nxe3 cxd6 32. f4 Qe6 33. Re1 Nf6
34. Qd2 d5 35. Ng2 Ne4 36. Qe3 Qd7 37. Qf3 h6 38. Re2 Qh3 39. Kg1 Qd7 40. Qd3
f5 41. Nh4 Qe6 42. Kf1 d4 43. cxd4 cxd4 44. Nf3 1/2-1/2